000
00222nam a22000857a 4500
008
170131b xxu||||| |||| 00| 0 eng d
100
_9
2693
_a
Curry.D.L
245
_a
How Do Yur Lungs Wrks?
260
_a
New Delhi
_b
Scholastics
_c
2008
999
_c
5854
_d
5854